Регионална библиотека "Любен Каравелов" - Русе

Основи на зърненото производство (Запис номер 57276)

MARC детайли
000 -Лидер
Контролно поле с фиксирана дължина nam a22 a 4500
003 - Код на организацията, давaща контролен номер
Контролно поле BLK
005 - Дата и час на последна редакция
Контролно поле 20220811130422.0
008 - Елементи от данни с фиксирана дължина
fixed length control field 180408b bul|||||r ||||||| ||bul||
010 ## - Наследен системен номер
LC control number KNG00061271000
040 ## - Източник на каталожния запис
Идентификатор на билиотеката - собственик на записа BLK
041 ## - Код за език
Код за езика на текст/звукозапис или на отделно заглавие Български
Код за езика КДБФ Български
080 ## - УДК
Текстов определител УДК Полевъдство. Полски култури и производството им
УДК код - определител по УДК 633
УДК определител (035)
УДК - код + определител 633(035)
100 1# - Редна дума - Автор
Автор Попов, Атанас
Авторска отговорност първи автор
R(LIN) 369328
139 ## - Редно поле
Редна дума Основи на зърненото производство
Авторски знак Осн - О 83
245 10 - Сведения за заглавието
Заглавие Основи на зърненото производство
Подзаглавни данни Ръководство
Редно поле (дума) Атанас Попов; предг. от Атанас Попов, Тодор Брешков.
257 ## - Страна на издаване
Страна на създаване/издаване България
260 ## - Област на издателските данни
Място на издаване, разпространение и проч. София
Име на издателя, разпространителя и проч. Земиздат
Година на издаване 1973
300 ## - Физическа характеристика
Страници 436 с.
Илюстрации и др. с ил.
Размери/Мащаб 25 см
380 ## - Жанр
Жанр Селско стопанство
500 ## - Общи забележки
Забележка Азб. показалец
650 #4 - Допълнително описание по предмет – тема
Основно описание – тема или топоним Зърнено-житни култури - агротехника
9 (RLIN) 287488
650 #4 - Допълнително описание по предмет – тема
Основно описание – тема или топоним Зърнено-бобови култури - агротехника
9 (RLIN) 287489
650 #4 - Допълнително описание по предмет – тема
Основно описание – тема или топоним Слънчоглед - болести и вредители
9 (RLIN) 287490
700 1# - Други автори (авторска отговорност)
Лично име Попов, Атанас
Автороска отговорност (Описва отношението между автора и произведението) предг. от
9 (RLIN) 369328
700 1# - Други автори (авторска отговорност)
Лично име Брешков, Тодор
Автороска отговорност (Описва отношението между автора и произведението) предг. от
9 (RLIN) 287487
852 ## - Местоположение
Форматна сигнатура Цб 69776
856 4# - Електронен адрес и достъп
Електронен формат pdf - файл
856 4# - Електронен адрес и достъп
Електронен формат pdf - файл
999 ## - СИСТЕМНИ КОНТРОЛНИ НОМЕРА
Koha biblionumber 57276
Koha biblioitemnumber 57276
942 ## - АРТИКУЛИ
Вид на библиотечния материал Книги
Скрит в OPAC Не
Периодичен библиозапис Да
944 ## - СЪЗДАВАНЕ И РЕДАКЦИЯ на ЗАПИСА
Създаване/Редакция Създаване
Дата на регистрацията/редакция 13.06.2004
Служител, извършил регистрацията/редакцията Читалня
944 ## - СЪЗДАВАНЕ И РЕДАКЦИЯ на ЗАПИСА
Създаване/Редакция Редакция
Дата на регистрацията/редакция 02.09.2015
Служител, извършил регистрацията/редакцията Геновева_Генчева
944 ## - СЪЗДАВАНЕ И РЕДАКЦИЯ на ЗАПИСА
Създаване/Редакция Редакция
Дата на регистрацията/редакция 2022-08-11
Служител, извършил регистрацията/редакцията ир
999 ## - СИСТЕМНИ КОНТРОЛНИ НОМЕРА
Koha biblioitemnumber 57276
Наличности
Код за отписване Код за изгубен артикул Източник на класификационната схема Код за повреда Коз за рестрикции Код за отдаване Артикулен № Име на библиотеката - собственик Име на библиотеката, в която се намира в момента Статус (Текущо местоположение) Дата на вписване в системата Местоположение - отдел Цена в лева Инвентарен номер Систематично азбучна сигнатура Баркод Номер на екземпляра Цена в евро Служебна бележка Служебен тип на артикула
Изтеглен Не е изгубен Universal Decimal Classification Не е повреден без рестрикции ползва се в читалня 92485 Регионална библиотека "Любен Каравелов" Русе Регионална библиотека "Любен Каравелов" Русе Читалня 1993-01-01 Читалня 3.43 160923 Ч 633/О-83 160923 1 1.75 Дата инв: 20.03.2017 Бележки инв: Ч2017 Книги
Изтеглен Не е изгубен Universal Decimal Classification Не е повреден без рестрикции заемане за дома 92486 Регионална библиотека "Любен Каравелов" Русе Регионална библиотека "Любен Каравелов" Русе Заемна - подръчен фонд 1973-01-01 Заемна - подръчен фонд 3.43 160922 П 633/О 83 160922 2 1.75 Дост: Pk Вид: Ф N: стар фонд Дата: 01.01.1973 Дата инв: 06.02.2018 Бележки инв: П2018 Книги
  Не е изгубен Universal Decimal Classification Не е повреден само за читалня ползва се в читалня 92487 Регионална библиотека "Любен Каравелов" Русе Регионална библиотека "Любен Каравелов" Русе Хранилище 1973-01-01 Хранилище 3.43 149564 Цб 69776 120000149564 3 1.75 Дост: Dp Вид: Д N: стар фонд Дата: 01.01.1973 Книги
Vip Innovations Ltd, Rousse, Bulgaria 2025